000 00551nam a22001097a 4500
008 130709b xxu||||| |||| 00| 0 eng d
010 _8CAEP.APPLF-74
245 _aCOURT OF APPEAL ELECTION PETITION APPLN No.07 OF 2012. Kasibante Moses Vs Electoral Commission
260 _aCourt of Appeal Kampala
_cJudgement entered on 30th April 2012
500 _3CORAM: Hon. Lady Justice C.K. Byamugisha, Hon.Justice S.B.K Kavuma, Hon. Justice Remmy Kasule
500 _3This Election Petition Appln No. 07 of 2012 is Arising from Election Petition Appeal No. 47 of 2011
999 _c5458
_d5458